000 00239nam a22001097a 4500
082 _a823/KAU
100 _aKaul,Manav
_983674
245 _aShe & Hers
260 _aHaryana
_bPenguin Random House India
_c2025
650 _aNovel
942 _cBK
999 _c68619
_d68619